| 000 | 00709cam a2200229 4500 | ||
|---|---|---|---|
| 001 | WB3607-15 | ||
| 008 | 000000n2000 000 0 eng u | ||
| 035 | _a(Sirsi) u104206 | ||
| 245 | _aStuck at the starting blocks | ||
| 260 | _c2000 | ||
| 490 |
_aRetail Week _v 11 February 2000, 12(1) |
||
| 520 | _aThe costs of setting up an online retailing business are rising rapidly, and many new companies may now find it hard to make a profit. | ||
| 590 | _aWB | ||
| 650 | _aE-RETAIL | ||
| 650 | _aRETAIL COMPANIES | ||
| 650 | _aONLINE RETAILERS | ||
| 650 | _aWEB SITES | ||
| 650 | _aRETAILING | ||
| 650 | _aINTERNET COMPANIES | ||
| 690 | _aPROPERTY-COMMERCIAL PROPERTY-RETAIL PROPERTY | ||
| 942 | _n0 | ||
| 999 |
_c62533 _d62533 |
||